00498cam a2200157 a 4500020001700000020002200017040000800039082002600047100002300073245005900096260005000155300003500205490006300240650002400303650001300327 a4130680250 : a0860083829 (U.S.) cDLC00a573 UNI 1985 A032 Or.1 aMizoguchi, Yūji,10aShovelling, a statistical analysis of its morphology / a[Tokyo] :bUniversity of Tokyo Press,cc1985. axiii, 176 p. :bill. ;c27 cm.1 aThe University Museum, the University of Tokyo, bulletin ; 0aDental anthropology 0aIncisors